Basic psyhology (Record no. 59351)

MARC details
000 -LEADER
fixed length control field 00365nam a2200157Ia 4500
008 - FIXED-LENGTH DATA ELEMENTS--GENERAL INFORMATION
fixed length control field 230917s9999||||xx |||||||||||||| ||und||
040 ## - CATALOGING SOURCE
-- 66018
Original cataloging agency VIVEKANANDA LIBRARY
041 ## - Language
-- English
082 ## - DDC NUMBER
Classification number 150 F391B
100 ## - MAIN ENTRY--PERSONAL NAME
Personal name Fernald, L Dodge
245 #0 - TITLE STATEMENT
Title Basic psyhology
250 ## - EDITION STATEMENT
Edition statement 5th ed.
260 ## - PUBLICATION, DISTRIBUTION, ETC. (IMPRINT)
Place of publication, distribution, etc Dobuque
Name of publisher, distributor, etc Wm C Brown
Date of publication, distribution, etc 1985
300 ## - PHYSICAL DESCRIPTION
Pages xxii, 534 p.
942 ## - ADDED ENTRY ELEMENTS (KOHA)
Koha item type Books
Holdings
Withdrawn status Lost status Damaged status Not for loan Location (home branch) Sublocation or collection (holding branch) Date acquired Koha issues (times borrowed) Koha full call number Accession No. Koha date last seen Koha item type
        VIVEKANANDA LIBRARY VIVEKANANDA LIBRARY 16/01/2003 1 150 F391B 130134 10/03/2025 Books
© Designed and Maintained by Vivekananda Library, MDU Rohtak